| 000 -ლიდერი |
| ფიქსირებული სიგრძის საკონტროლო ველი |
01175nam a2200241Ia 4500 |
| 001 - საკონტროლო ნომერი |
| საკონტროლო ველი |
4364 |
| 003 - საკონტროლო ნომრის იდენტიფიკატორი |
| საკონტროლო ველი |
GE_BSU |
| 005 - ბოლო ოპერაციის თარიღი და დრო |
| საკონტროლო ველი |
20191004171710.0 |
| 008 - ფიქსირებული სიგრძის მონაცემთა ელემენტები - ზოგადი ინფორმაცია |
| ფიქსირებული სიგრძის საკონტროლო ველი |
181216s1984||||ge |||||||||||||| ||geo|| |
| 040 ## - კატალოგიზაციის წყარო |
| Transcribing agency |
GE_BSU |
| 041 ## - ენის კოდი |
| Language code of text/sound track or separate title |
geo |
| 080 ## - უნივერსალური ათობითი კლასიფიკაციის ინდექსი |
| Universal Decimal Classification number |
355.48(47.57)(092)(479.22)+94(479.22),,1991–48'' ს–24 |
| 245 ## - ცნობა სათაურის შესახებ |
| Title |
სამშობლოს ჯარისკაცები : |
| Remainder of title |
შრომების კრ. / |
| Statement of responsibility, etc |
რედ. კარლო ცქიტიშვილი. |
| 264 ## - წარმოების, გამოცემის, დისტრიბუციის და სხვა ცნობები |
| გამოცემის, წარმოების, დისტრიბუციის... ადგილი |
თბ. : |
| გამოცემის, წარმოების, დისტრიბუციის... სახელწოდება |
მეცნიერება, |
| გამოცემის, წარმოების, დისტრიბუციის... თარიღი |
1984. |
| 300 ## - ფიზიკური აღწერა |
| Extent |
364 გვ. ; |
| Other physical details |
22 სმ. |
| 500 ## - ზოგადი შენიშვნა |
| General note |
ეძღვნება საბჭოთა კავშირის დიდ სამამულო ომში გამარჯვების 40 წლისთავს. |
| 520 ## - SUMMARY, ETC. |
| Summary, etc |
რეზ. რუს. |
| 653 ## - INDEX TERM--UNCONTROLLED |
| Uncontrolled term |
ქართველები დიდ სამამულო ომში |
| 700 ## - ADDED ENTRY--PERSONAL NAME |
| Personal name |
ცქიტიშვილი, კ. |
| Relator term |
რედაქტორი |
| 9 (RLIN) |
4511 |
| 710 ## - ADDED ENTRY--CORPORATE NAME |
| Corporate name or jurisdiction name as entry element |
ომის ვეტერანთა საბჭოს თბილისის სექცია. |
| 9 (RLIN) |
4539 |
| 942 ## - ADDED ENTRY ELEMENTS (KOHA) |
| Koha item type |
წიგნი |
| Source of classification or shelving scheme |
|